Statistics for Countries of Africa by Flag-Shape

Click here to take the quiz!

General Stats

  • This quiz has been taken 82 times
    (73 since last reset)
  • The average score is 49 of 54

Answer Stats

Answer% Correct
Algeria
97%
Angola
95%
Benin
95%
Egypt
95%
Botswana
93%
Cameroon
93%
Cape Verde
93%
Democratic Republic of the Congo
93%
Ghana
93%
Kenya
93%
Somalia
93%
South Africa
93%
Chad
91%
Comoros
91%
Eswatini
91%
Ethiopia
91%
Gabon
91%
Gambia
91%
Liberia
91%
Libya
91%
Mali
91%
Mauritania
91%
Mozambique
91%
South Sudan
91%
Zimbabwe
91%
Burkina Faso
90%
Burundi
90%
Guinea
90%
Ivory Coast
90%
Malawi
90%
Morocco
90%
Namibia
90%
Niger
90%
Nigeria
90%
Senegal
90%
Seychelles
90%
Sudan
90%
Tanzania
90%
Togo
90%
Tunisia
90%
Zambia
90%
Central African Republic
88%
Djibouti
88%
Eritrea
88%
Lesotho
88%
Madagascar
88%
Uganda
88%
Equatorial Guinea
86%
Guinea-Bissau
86%
São Tomé and Príncipe
84%
Mauritius
83%
Republic of the Congo
83%
Rwanda
83%
Sierra Leone
83%

Score Distribution

Percentile by Number Answered

Percent of People with Each Score

Your Score History

You have not taken this quiz since the last reset